|
|
|
|
| LEADER |
00000nam0a2200000 4500 |
| 001 |
124573 |
| 005 |
20231101215858.0 |
| 035 |
|
|
|a (RuTPU)RU\TPU\book\134824
|
| 090 |
|
|
|a 124573
|
| 100 |
|
|
|a 20071103d1957 m y0rusy50 ca
|
| 101 |
0 |
|
|a rus
|
| 102 |
|
|
|a RU
|
| 105 |
|
|
|a a j 000zy
|
| 200 |
1 |
|
|a Практические работы по органической химии
|e учебное пособие
|h Вып. 2
|f Ю. К. Юрьев
|
| 210 |
|
|
|a Москва
|c Изд-во Московского ун-та
|d 1957
|
| 215 |
|
|
|a 231 с.
|c ил.
|
| 606 |
1 |
|
|a Органическая химия
|2 stltpush
|3 (RuTPU)RU\TPU\subj\47309
|9 66362
|
| 610 |
1 |
|
|a практические работы
|
| 610 |
1 |
|
|a сжатые газы
|
| 610 |
1 |
|
|a растворители
|
| 610 |
1 |
|
|a перегонка
|
| 610 |
1 |
|
|a кристаллизация
|
| 610 |
1 |
|
|a возгонка
|
| 610 |
1 |
|
|a синтез
|
| 610 |
1 |
|
|a примеры
|
| 610 |
1 |
|
|a учебные пособия
|
| 675 |
|
|
|a 547(076.5)
|v 3
|
| 700 |
|
1 |
|a Юрьев
|b Ю. К.
|g Юрий Константинович
|
| 801 |
|
1 |
|a RU
|b 63413507
|c 20071103
|g PSBO
|
| 801 |
|
2 |
|a RU
|b 63413507
|c 20160701
|g PSBO
|
| 942 |
|
|
|c BK
|